| 000 | 00428nam a22001697a 4500 | ||
|---|---|---|---|
| 005 | 20160429095908.0 | ||
| 008 | 160429b xxu||||| |||| 00| 0 eng d | ||
| 020 | _a81-7808294-2 | ||
| 041 | _aeng | ||
| 082 | _b00744 | ||
| 100 |
_aTanenbaum, Andrew S. _9108 |
||
| 245 | _aDistributed Operating Systems | ||
| 260 |
_aNew Delhi _bPearson Education, _c2002 |
||
| 300 | _a614 | ||
| 650 |
_aInformation Technology _9137 |
||
| 942 | _cBK | ||
| 999 |
_c224 _d224 |
||